Idiomas - ¡Muerte súbita! - Estadísticas

Estadísticas generales
  • Esta prueba ha sido intentada 21.518 veces
    21.436 desde el último reinicio
  • La puntuación promedio es 4 de 20
Answers on the Grid
Answers color-coded by a green-red scale on the quiz's grid according to % correct below.
Suizo
Azafrán
Cuzqueño
Canadiense
Indio
Kosovar
Liechtensteiniano
Argentino
Venezolano
Checoslovaco
Ligur
Arrumano
Turcomano
Tagalo
Sardo
Quechua
Pastún
Odia
Maorí
Luxemburgués
Sasak
Italiano
Igbo
Arameo
Hausa
Frisio
Inglés
Cebuano
Ladino
Mirandés
 
Estadísticas de respuestas
Respuesta % Correcto
Inglés
57%
Italiano
56%
Quechua
40%
Arameo
39%
Maorí
32%
Tagalo
25%
Sardo
24%
Luxemburgués
19%
Pastún
18%
Igbo
17%
Frisio
16%
Ladino
14%
Turcomano
14%
Hausa
13%
Ligur
13%
Cebuano
12%
Mirandés
11%
Sasak
10%
Arrumano
9%
Odia
9%
No se encontraron pruebas coincidentes
Distribución de puntuación
Porcentaje de gente con cada puntuación
Porcentaje por número respondido
Historial de tus puntuaciones
No has intentado esta prueba desde el último reinicio